|
|
|
|
| LEADER |
00000nam a22000007a 4500 |
| 005 |
20220207203758.0 |
| 007 |
cr|||| |||| |
| 008 |
220207s2013 co |||||s|||| 00||0 spa d |
| 020 |
|
|
|a 978-958-46-2139-9
|
| 035 |
|
|
|a 35790
|
| 040 |
|
|
|a vLex
|
| 090 |
|
|
|c 12925
|d 12925
|
| 100 |
1 |
|
|a Can̨̤ Ramr̕ez, Pedro Alejo
|
| 245 |
1 |
0 |
|a Teora̕ y prc̀tica de la prueba judicial
|h [Recurso electrn̤ico] :
|b Legislacin̤ - Doctrina Jurisprudencia 1887 - 2012 /
|c Pedro Alejo Can̨̤ Ramr̕ez
|
| 256 |
|
|
|a Servicio en ln̕ea
|
| 260 |
|
|
|a Bogot:̀
|b ECOE,
|c 2013
|
| 300 |
|
|
|a 1 recurso electrn̤ico
|
| 500 |
|
|
|a Suele definirse el derecho probatorio como la ciencia que estudia los principios y normas reguladoras de la prueba judicial, tanto en su naturaleza como en sus caracters̕ticas, procedimientos y valoracin̤. En consecuencia, son los principios filosf̤icos, polt̕icos, histr̤icos y sociolg̤icos (parte general) como los medios de conviccin̤ o de prueba (parte especial), los elementos que integran esta rama del derecho. El doctor Can̨̤ nos presenta en este libro, partiendo de las nociones generales hasta los medios de prueba, los aspectos ms̀ destacados del derecho probatorio, el cual se ocupa de asuntos como: 1ʻ La nocin̤ de la prueba (qu ̌es la prueba procesal) 2ʻ El objeto de la prueba ( qu ̌se debe probar) 3ʻ La carga de la prueba (quiň debe probar) 4ʻ El procedimiento probatorio (cm̤o se debe probar) 5ʻ La valoracin̤ probatoria (cm̤o se evala︢n las pruebas)
|
| 506 |
1 |
|
|a Disponible solo en los productos indicados
|d vLex Global
|d vLex Global (Academic Edition, excluding Law Schools)
|d vLex Global (U.S. Academic Edition, Law Schools)
|d vLex Global (U.S. Academic Edition, excluding Law Schools)
|d vLex Global (Academic Edition, Law Schools)
|
| 650 |
0 |
4 |
|a Derecho Procesal
|z Colombia
|
| 740 |
0 |
|
|a vLex Libros (Servicio en ln̕ea)
|
| 856 |
4 |
0 |
|u https://app.vlex.com/#/sources/35790
|z Acceso restringido
|
| 942 |
|
|
|c BOOK
|
| 999 |
0 |
|
|a Procedural law
|